Länder, die Argentinien am Nächsten Liegen - Sudden Death - Statistiken

Allgemein
  • Dieses Quiz wurde 84 mal gespielt
  • Das Durchschnittsergebnis liegt bei 8 aus 15
Answers on the Grid
Answers color-coded by a green-red scale on the quiz's grid according to % correct below.
Chile
Uruguay
Paraguay
Bolivien
Brasilien
Peru
Ecuador
Surinam
Guyana
Kolumbien
Venezuela
Trinidad und Tobago
Grenada
St. Vincent und die Grenadinen
Barbados
St. Lucia
Dominica
St. Kitts und Nevis
Antigua und Barbuda
Haiti
Dominikanische Republik
Jamaika
Panama
Costa Rica
Nicaragua
Honduras
El Salvador
Guatemala
Belize
Mexiko
 
Antwortstatistiken
Antwort % Korrekt
Bolivien
87%
Brasilien
81%
Venezuela
80%
Chile
78%
Uruguay
78%
Peru
74%
Kolumbien
72%
Paraguay
72%
Ecuador
70%
Guyana
54%
Surinam
54%
Trinidad und Tobago
24%
Grenada
7%
Barbados
6%
St. Vincent und die Grenadinen
4%
Keine übereinstimmenden Quizze gefunden
Verteilung der Resultate
Anzahl Personen mit jedem Resultat
Perzentil nach korrekt beantworteten Fragen
Ihre Resultats-Entwicklung
Sie haben dieses Quiz noch nicht gespielt